| 000 | 01093cam a2200217 4500 | ||
|---|---|---|---|
| 001 | ##L134630 | ||
| 008 | 060821n2006 000 0 eng u | ||
| 035 | _a(Sirsi) u134630 | ||
| 041 | 0 | _aeng | |
| 050 | 0 | 4 | _a711.73 $2 18 |
| 110 | 1 |
_aUnited Kingdom _bDepartment for Transport _94866 |
|
| 245 | 0 | 0 | _aConsultation on planning and the strategic road network and guidance on transport assessments |
| 260 |
_aLondon _bDfT _c2006 |
||
| 520 | _aConsults on a draft circular concerning the Highways Agency's approach to spatial planning issues affecting the strategic road network. Also consults on new guidance for entering in the Highways Act 1980 s278 agreements and draft guidance on transport assessments. Closing date for comments is 31 October 2006. | ||
| 590 | _aIKA220806 | ||
| 650 | 2 | 4 | _aHIGHWAYS ACT 1980 S278 |
| 651 | 4 |
_aEngland _y886- |
|
| 690 | _aPROPERTY-INFRASTRUCTURE-ROAD INFRASTRUCTURE | ||
| 856 | 4 | 0 |
_uhttps://www.dft.gov.uk/stellent/groups/dft_roads/documents/divisionhomepage/612249.hcsp _zView the consultation documents free of charge at www.dft.gov.uk... |
| 942 | _n0 | ||
| 999 |
_c105750 _d105750 |
||